Management process: The principle of management (Record no. 26310)

MARC details
000 -LEADER
fixed length control field 00311nam a2200121Ia 4500
082 ## - DEWEY DECIMAL CLASSIFICATION NUMBER
Classification number 065
Item number DAV
100 ## - MAIN ENTRY--AUTHOR NAME
Personal name Davar, Rustom S
245 #0 - TITLE STATEMENT
Title Management process: The principle of management
250 ## - EDITION STATEMENT
Edition statement Ed.4
260 ## - PUBLICATION, DISTRIBUTION, ETC. (IMPRINT)
Place of publication Bombay
Name of publisher Progressive
Year of publication 1978
942 ## - ADDED ENTRY ELEMENTS (KOHA)
Koha item type Books
Holdings
Withdrawn status Lost status Damaged status Not for loan Home library Current library Date acquired Cost, normal purchase price Full call number Accession Number Koha item type
        RRII Library RRII Library 16/12/2021 29.50 065 DAV 06947 Books